|
|
|
|
| LEADER |
01708nam a22003735a 4500 |
| 001 |
44666 |
| 003 |
BD-DhAAL |
| 005 |
20250917162523.0 |
| 008 |
250917t1886 enk 000 0 eng d |
| 010 |
|
|
|a 00374940
|
| 025 |
|
|
|a Br-E-00-374940; 11
|
| 037 |
|
|
|b Library of Congress -- New Delhi Field Office
|
| 040 |
|
|
|a DLC
|c DLC
|d BD-DhAAL
|
| 041 |
|
|
|a eng
|h ara
|
| 082 |
|
|
|a 398.21
|2 23
|
| 130 |
|
|
|a Arabian Nights.
|l English.
|9 59373
|
| 245 |
1 |
0 |
|a Supplemental nights, to the book of the thousand and one nights :
|b with notes, anthropological and explanatory.
|n Volume one /
|c translated by Richard F. Burton.
|
| 246 |
1 |
8 |
|a Alf laylah wa laylah
|
| 260 |
|
|
|a London :
|b Privately printed by the Burton Club,
|c 1886.
|
| 300 |
|
|
|a viii, 260 pages ;
|b 25 cm
|
| 362 |
|
|
|a Vol. 1
|
| 504 |
|
|
|a Includes bibliographical references and index.
|
| 505 |
|
|
|a v. 1. Supplemental nights.
|
| 541 |
|
|
|a Donated by Farhana Zahir, Assistant Professor, BRAC Business School, BRAC University
|e 44666
|
| 650 |
|
|
|a Fairy tales.
|
| 650 |
|
|
|a Tales, Arabic.
|9 59382
|
| 650 |
|
|
|a Folklore
|z Arab countries.
|9 59391
|
| 650 |
|
|
|a Tales
|z Arab countries.
|9 59396
|
| 650 |
|
|
|a Tales
|z Arabian Peninsula.
|9 59400
|
| 700 |
|
|
|a Burton, Richard Francis,
|c Sir,
|d 1821-1890,
|e translator.
|9 59374
|
| 852 |
|
|
|a Ayesha Abed Library
|c General Stacks
|
| 942 |
|
|
|2 ddc
|c BK
|
| 999 |
|
|
|c 47565
|d 47565
|
| 952 |
|
|
|0 0
|1 0
|2 ddc
|4 0
|6 398_210000000000000_SUP
|7 0
|9 78211
|a BRACUL
|b BRACUL
|c NEW
|d 2025-09-17
|e Donated by Farhana Zahir, Assistant Professor, BRAC Business School, BRAC University
|l 4
|m 8
|o 398.21 SUP
|p 3010044666
|r 2026-05-07
|s 2026-04-22
|t 1
|w 2025-09-17
|y BK
|x Donated by Farhana Zahir, Assistant Professor, BRAC Business School, BRAC University
|